Central Library OPAC University of Rajshahi

Transistor switching and sequential circuits / (Record no. 13958)

MARC details
000 -LEADER
fixed length control field 00876cam a2200289 4500
001 - CONTROL NUMBER
control field 13958
003 - CONTROL NUMBER IDENTIFIER
rucl marc code BD-RjUL
005 - DATE AND TIME OF LATEST TRANSACTION
control field 20211208235538.0
008 - FIXED-LENGTH DATA ELEMENTS--GENERAL INFORMATION
fixed length control field 140203s1969 enk b 001 0 eng
020 ## - INTERNATIONAL STANDARD BOOK NUMBER
International Standard Book Number 008012982X
035 ## - SYSTEM CONTROL NUMBER
System control number (BD-RjUL)14010
040 ## - CATALOGING SOURCE
Original cataloging agency DLC
Transcribing agency DLC
Modifying agency DLC
Language of cataloging eng
041 ## - LANGUAGE CODE
Language code of text/sound track or separate title eng
082 00 - DEWEY DECIMAL CLASSIFICATION NUMBER
Classification number 621.38153
Author mark and year SPT 1969
100 1# - MAIN ENTRY--PERSONAL NAME
Personal name Sparkes, John J.
9 (RLIN) 43629
245 10 - TITLE STATEMENT
Title Transistor switching and sequential circuits /
Statement of responsibility, etc. John J. Sparkes.
250 ## - EDITION STATEMENT
Edition statement [1st ed.]
260 ## - PUBLICATION, DISTRIBUTION, ETC. (IMPRINT)
Place of publication, distribution, etc. Oxford :
-- New York :
Name of publisher, distributor, etc. Pergamon Press,
Date of publication, distribution, etc. 1969
300 ## - PHYSICAL DESCRIPTION
Pagination x, 235 p. :
Size 21 cm.
490 0# - SERIES STATEMENT
Series statement The Commonwealth and international library. Applied electricity and electronics division
504 ## - BIBLIOGRAPHY, ETC. NOTE
Bibliography, etc Includes index
650 #0 - SUBJECT ADDED ENTRY--TOPICAL TERM
Topical term or geographic name as entry element Switching circuits.
9 (RLIN) 39282
Topical term or geographic name as entry element Transistor circuits.
9 (RLIN) 39274
942 ## - ADDED ENTRY ELEMENTS (KOHA)
Source of classification or shelving scheme Dewey Decimal Classification
Koha item type Books
Holdings
Lost status Source of classification or shelving scheme Damaged status Not for loan Collection code Permanent Location Current Location Shelving location Date acquired Source of acquisition Cost, normal purchase price Total Checkouts Full call number Date last seen Copy number Koha item type
  Dewey Decimal Classification     Non-fiction Central Library, University of Rajshahi Central Library, University of Rajshahi   08/09/1970 Zeitlinger 25.00   621.38153 SPT 1969 03/02/2014 C-2 Books